000 00833nam a2200253Ia 4500
003 OSt
005 20221005112540.0
006 a|||||r|||| 00| 0
007 ta
008 221004b |||||||| |||| 00| 0 pan d
020 _a9789350684108 (hbk)
_c600
024 _a17109
037 _b909, 11/03/2015, H.K. Prakashan
_cTextual
040 _aCRL
_cCRL
_bpan
041 _2pan
_apan
082 _aO153,3NDH,PD, P1;Q3
100 _aਧੀਰ, ਦਰFਨ
_9168498
245 0 _aਪੈੜਾਂ ਦੇ ਆਰ ਪਾਰ
260 _aਚੰਡੀਗੜ
_bਲੋਕਗੀਤ ਭਾਰਤ
_c2013
300 _a401ਪੰ
_ccm.
650 _aਪੰਜਾਬੀ ਸਾਹਿਤ
942 _hO153,3NDH,PD, P1;Q3
_cTEXL
_2cc
999 _c1025218
_d1025218